Catálogo
 En Linea

Metáforas de la decolonialidad : (Registro nro. 39075)

Detalles MARC
000 -CABECERA
campo de control de longitud fija 00898nam a2200145 a 4500
001 - NÚMERO DE CONTROL
campo de control 000039585
005 - FECHA Y HORA DE LA ÚLTIMA TRANSACCIÓN
campo de control 20201002033632.0
008 - DATOS DE LONGITUD FIJA--INFORMACIÓN GENERAL
campo de control de longitud fija 130708s2012 dr 000 0 spa d
040 ## - FUENTE DE LA CATALOGACIÓN
Centro catalogador/agencia de origen DO-SdBNP
Lengua de catalogación spa
Centro/agencia transcriptor BNPHU
082 ## - NÚMERO DE LA CLASIFICACIÓN DECIMAL DEWEY
Número de clasificación xxx
245 00 - MENCIÓN DE TÍTULO
Título Metáforas de la decolonialidad :
Resto del título La antología literaria de Proyecto Algarabía y las cincuenta poetas san cristobalenses /
Mención de responsabilidad, etc. dirección y compilación Solymar Solá Negrón y Fabian Villegas.
260 ## - PUBLICACIÓN, DISTRIBUCIÓN, ETC.
Lugar de publicación, distribución, etc. [Santo Domingo] :
Nombre del editor, distribuidor, etc. Proyecto Algarabía,
Fecha de publicación, distribución, etc. 2012.
300 ## - DESCRIPCIÓN FÍSICA
Extensión 22 cm.
500 ## - NOTA GENERAL
Nota general Proyecto Algarabía es un proyecto global de pedagogía crítica que provee herramientas sustentables de empoderamiento en comunidades históricamente marginalizadas, a través del uso de la historia oral, el teatro fórum y la creación literaria con el fin de degenerar diálogos intercomunitarios con jovenes de Latinoamérica, el Caribe y su diáspora por el mundo.
Existencias
Estado de retiro Estado de pérdida No para préstamo Código de colección Localización permanente Ubicación/localización actual Ubicación en estantería Fecha de adquisición Número de inventario Total de préstamos Signatura topográfica completa Código de barras Fecha visto por última vez Número de copia Precio válido a partir de Tipo de ítem Koha
    Excluido de préstamo Dominicana de Servicio General General En catalogación 08.07.2013 LF1   xxx 39585-30 25.06.2020 e.3 25.06.2020 Libro y Folleto Colección Dominicana de Servicio
    Excluido de préstamo Dominicana de Servicio General General En catalogación 08.07.2013 LF1   xxx 39585-40 25.06.2020 e.4 25.06.2020 Libro y Folleto Colección Dominicana de Servicio
    Excluido de préstamo Dominicana de Servicio General General En catalogación 08.07.2013 LF1   xxx 39585-50 25.06.2020 e.5 25.06.2020 Libro y Folleto Colección Dominicana de Servicio
    Excluido de préstamo Patrimonio Dominicano Patrimonio Dominicano Patrimonio Dominicano En catalogación 08.07.2013 LF1   xxx 39585-10 25.06.2020   25.06.2020 Libro y Folleto Colección Patrimonio Dominicano
    Excluido de préstamo Patrimonio Dominicano Patrimonio Dominicano Patrimonio Dominicano En catalogación 08.07.2013 LF1   xxx 39585-20 25.06.2020 e.2 25.06.2020 Libro y Folleto Colección Patrimonio Dominicano

Con tecnología Koha